000 00589 a2200169 4500
999 _c10360
_d10360
020 _a9780495093763
050 _aQA135.5KEN 2008
100 _aKennedy, Leonard M.
_eauthor
245 _aGuiding children's learning of mathematics /
_cLeonard M Kennedy; Steven Tipps; Art Johnson
264 _aBelmont, CA :
_bThomson/Wadsworth,
_c ♭2008.
300 _axxii, 589 pages : colour illustrations ; 28 cm
500 _alncludes index
650 _aMathematics -- Study and teaching (Elementary)
700 _aTipps; Steven
700 _aJohnson, Art
942 _2lcc
_cBK
_h135.5
_iKEN
_kQA